000 00435nam a2200169Ia 4500
003 GCL
008 140319s9999 xx 000 0 eng d
040 _aGCL /
_cGCL
082 0 4 _a152.41
_bL A
100 1 _aLAVIE, JEAN - CLAUDE
245 1 0 _aL'AMOUR EST UN CRIME PARFAIT /
_cLAVIE, JEAN - CLAUDE
260 _a[S.N] :
_bGALLIMARD ،
_c1997
300 _a210 P
650 0 4 _aLOVE PSYCHOLOGY
650 0 4 _aEMPATHY
942 _2ddc
_cBK
999 _c16178
_d16178